| 000 | 01060pab a2200169 454500 | ||
|---|---|---|---|
| 008 | 180718b2011 xxu||||| |||| 00| 0 eng d | ||
| 100 | _aKickert, Walter | ||
| 245 | _aAdministrative reform in Greece, Italy, Portugal and Spain: Introduction | ||
| 260 | _c2011 | ||
| 300 | _ap.721-722. | ||
| 520 | _aThis symposium present an overview of the state and administrative reforms in Southern Europe. The papers are written by scholars who are not only celebrated in their field, but also native to the country they write about. The report on Greece is by Dimitri A. Sotiropoulos and Calliope Spanou of Athens University. Edoards Ongaro of Bocconi University Milan reports on Italy. In the case of Portugal, the reporters is Jose Magone, himself Portuguese and now working at the Berlin School of Economics. Reform in Spain is covered by Carlos Alba and Carmen Navarro of the Autonomous University Madrid. - Reproduced. | ||
| 650 | _aPublic administration | ||
| 650 | _aAdministrative reform | ||
| 773 | _aPublic Administration | ||
| 908 | _aN | ||
| 909 | _a94167 | ||
| 999 |
_c94167 _d94167 |
||